LIBRARY & INFORMATION CENTRE, KCAET, TAVANUR

ONLINE PUBLIC ACCESS CATALOGUE (OPAC)

Theory and design of irrigation strueturs / (Record no. 2754)

MARC details
000 -LEADER
fixed length control field 00560cam a2200205ua 4500
003 - CONTROL NUMBER IDENTIFIER
control field OSt
008 - FIXED-LENGTH DATA ELEMENTS--GENERAL INFORMATION
fixed length control field 250823b |||||||| |||| 00| 0 eng d
041 ## - LANGUAGE CODE
Language code of text/sound track or separate title eng
082 ## - DEWEY DECIMAL CLASSIFICATION NUMBER
Classification number 627.52
Item number VAR/TH
100 ## - MAIN ENTRY--AUTHOR NAME
Personal name Varshrey, R S .
245 ## - TITLE STATEMENT
Title Theory and design of irrigation strueturs /
260 ## - PUBLICATION, DISTRIBUTION, ETC. (IMPRINT)
Place of publication New Delhi :
Name of publisher Nem Chand And Bros ,
Year of publication 1982.
300 ## - PHYSICAL DESCRIPTION
Number of Pages 720 ; .
700 1# - ADDED ENTRY--PERSONAL NAME
Personal name Gupta, R.L .
700 1# - ADDED ENTRY--PERSONAL NAME
Personal name Gupta, R.L .
700 1# - ADDED ENTRY--PERSONAL NAME
Personal name Gupta, S.C .
700 1# - ADDED ENTRY--PERSONAL NAME
Personal name Guptha , S.C .
700 1# - ADDED ENTRY--PERSONAL NAME
Personal name Varshney, R.S .
942 ## - ADDED ENTRY ELEMENTS (KOHA)
Koha item type Books
Holdings
Withdrawn status Lost status Damaged status Home library Current library Date acquired Full call number Accession Number Koha item type
      KAUAET KAUAET 20/08/1986 627.52 VAR/TH 15429 Books
free website counter